000 01328nam a2200373 i 4500
001 normy
003 BPK
005 20140522130415.0
008 121231s pl a f u |000 0 pol
040 _cBPK
041 _apol
044 _aPOL
084 _aICS 91.010.30
084 _aICS 91.080.10
245 _aEurokod 9 :
_bprojektowanie konstrukcji aluminiowych.
_nCz. 1-3,
_pKonstrukcje narażone na zmęczenie.
246 _aPN-EN 1999-1-3:2011
246 _aPN-EN 1999-1-3:2011/A1:2012
246 _aProjektowanie konstrukcji aluminiowych
246 _aKonstrukcje narażone na zmęczenie
250 _aZatwierdzono: 2010.11.29,
250 _aZatwierdzono: 2012.04.13 (dot. Zmiany A1).
260 _aWarszawa :
_bPolski Komitet Normalizacyjny,
_c2012.
500 _aWprowadza: EN 1999-1-3:2007
500 _aWprowadza: EN 1999-1-3:2007/A1:2011
500 _aZastępuje: PN-EN 1999-1-3:2007
520 _aNormę stosuje się do projektowania budynków i konstrukcji inżynierskich z aluminium oraz do ich wykonywania.
653 _aeurokod 9
653 _akonstrukcje aluminiowe
653 _akonstrukcje narażone na zmęczenie
710 _aKT nr 128 ds. Projektowania i Wykonawstwa Konstrukcji Metalowych
780 _tPN-EN 1999-1-3:2007
942 _cNR
998 _ceg
_d2012.06.04
999 _c77032
_d77032
856 _uhttp://koha.tu.koszalin.pl/cgi-bin/koha/opac-detail.pl?biblionumber=77032
_yKatalog online BPK